书目信息 |
| 题名: |
写给大家的美国简史
|
|
| 作者: | 房龙 著 ;尹继武 译 | |
| 分册: | ||
| 出版信息: | 天津 天津人民出版社 2019 |
|
| 页数: | 378页 | |
| 开本: | 22cm | |
| 丛书名: | ||
| 单 册: | ||
| 中图分类: | K712.09 | |
| 科图分类: | ||
| 主题词: | ||
| 电子资源: | ||
| ISBN: | 978-7-201-12149-9 | |
| 000 | 01182nam0 2200277 450 | |
| 001 | 012001009122 | |
| 005 | 20140101112850.0 | |
| 010 | @a978-7-201-12149-9@b精装@dCNY69.00 | |
| 099 | @aCAL 012019051723 | |
| 100 | @a20190404d2019 em y0chiy50 ea | |
| 101 | 1 | @achi@ceng |
| 102 | @aCN@b120000 | |
| 105 | @ay z 000yy | |
| 106 | @ar | |
| 200 | 1 | @a写给大家的美国简史@Axie gei da jia de mei guo jian shi@d= A shoprt history of the America@f(美) 房龙著@g尹继武译@zeng |
| 210 | @a天津@c天津人民出版社@d2019 | |
| 215 | @a378页@d22cm | |
| 314 | @a房龙, 荷兰裔美国作家、历史学家。 | |
| 330 | @a本书作者以其渊博的学识, 简洁、流畅的笔触叙述了哥伦布发现新大陆到第二次世界大战以前北美大陆上的风云变幻。详细描述了美利坚合众国的诞生和发展。对历史事件、西方文明、科技发明、美国的政治生活等都有深刻而独到的见解。内容包括: 渴望价廉物美的香料 ; 未知的世界 ; 尚普兰与独木舟等。 | |
| 500 | 10 | @aShoprt history of the America@mChinese |
| 607 | @a美国@Amei guo@x历史@j通俗读物 | |
| 690 | @aK712.09@v5 | |
| 701 | 1 | @a房龙@Afang long@g(Van Loon, Hendrik Willem),@f1882-1944@4著 |
| 702 | 0 | @a尹继武@Ayin ji wu@4译 |
| 801 | 0 | @aCN@b上海新华@c20191020 |
| 905 | @b1187100-3@dK712.09@e57@f4 | |
| 写给大家的美国简史= A shoprt history of the America/(美) 房龙著/尹继武译.-天津:天津人民出版社,2019 |
| 378页;22cm |
| ISBN 978-7-201-12149-9(精装):CNY69.00 |
| 本书作者以其渊博的学识, 简洁、流畅的笔触叙述了哥伦布发现新大陆到第二次世界大战以前北美大陆上的风云变幻。详细描述了美利坚合众国的诞生和发展。对历史事件、西方文明、科技发明、美国的政治生活等都有深刻而独到的见解。内容包括: 渴望价廉物美的香料 ; 未知的世界 ; 尚普兰与独木舟等。 |
| ● |
| 相关链接 |
|
|
|
|
正题名:写给大家的美国简史
索取号:K712.09/57
 
预约/预借
| 序号 | 登录号 | 条形码 | 馆藏地/架位号 | 状态 | 备注 |
| 1 | 1187100 | 211871009 | 第二样本阅览室/ [索取号:K712.09/57] | 在馆 | |
| 2 | 1187101 | 211871018 | 第二借阅区/ [索取号:K712.09/57] | 在馆 | |
| 3 | 1187102 | 211871027 | 第二借阅区/ [索取号:K712.09/57] | 在馆 | |
| 4 | 1187103 | 211871036 | 第二借阅区/ [索取号:K712.09/57] | 在馆 |